000
00283nam a22001337a 4500
008
180928b xxu||||| |||| 00| 0 eng d
020
_a
9781570717208
041
_a
eng
080
_a
820
100
_a
21
101
_a
GJL
245
_a
Poetry speaks
_c
Osgood,Ch
942
_2
udc
_c
BK
999
_c
48682
_d
48682